[Event "SK Rothenburg e.V. 1-SpVgg. Zabo-Eintrac"]
[Site "?"]
[Date "2012.12.16"]
[Round "5.1"]
[White "Brenner, Christian"]
[Black "Engelmann, Wolfgang"]
[Result "0-1"]
[WhiteElo "2064"]
[BlackElo "2040"]
[PlyCount "45"]
[EventDate "2012.??.??"]
[WhiteTeam "SpVgg. Zabo-Eintracht N e.V. 1"]
[BlackTeam "SK Rothenburg e.V. 1"]

1. e4 d5 2. Nc3 dxe4 3. Nxe4 Bf5 4. Ng3 Bg6 5. Nf3 Nf6 6. b3 e6 7. Bb2 Nbd7 8.
d4 c6 9. Bd3 Qa5+ 10. c3 Bd6 11. O-O Nd5 12. c4 Nf4 13. Bc2 Nf6 14. a3 Rd8 15.
Re1 Bb8 16. b4 Qc7 17. Qb1 Ng4 18. d5 cxd5 19. Bxg7 Rg8 20. Bb2 dxc4 21. Be5
Qb6 22. Ba4+ Ke7 23. Qa2 0-1

[Event "SK Rothenburg e.V. 1-SpVgg. Zabo-Eintrac"]
[Site "?"]
[Date "2012.12.16"]
[Round "5.2"]
[White "Zeltner, Ottmar"]
[Black "Link, Andreas"]
[Result "1-0"]
[WhiteElo "2083"]
[BlackElo "1970"]
[PlyCount "93"]
[EventDate "2012.??.??"]
[WhiteTeam "SK Rothenburg e.V. 1"]
[BlackTeam "SpVgg. Zabo-Eintracht N e.V. 1"]

1. e4 c5 2. Nf3 d6 3. d4 cxd4 4. Nxd4 Nf6 5. Nc3 a6 6. Be3 e6 7. f3 Be7 8. Qd2
Qc7 9. O-O-O O-O 10. h4 b5 11. g4 b4 12. Na4 Qa5 13. b3 Nfd7 14. Kb1 Nc5 15.
Nb2 Qc7 16. Qxb4 a5 17. Qc3 Nba6 18. Nb5 Qb8 19. a4 Bd7 20. Qxa5 Rc8 21. Qd2 d5
22. exd5 exd5 23. Bf4 Qb7 24. h5 Ne6 25. h6 Nb4 26. c3 g5 27. Be5 Na6 28. Bd3
f6 29. Bxh7+ Kxh7 30. Qc2+ Kh8 31. Nd6 Be8 32. Nxb7 fxe5 33. Qe2 Bf6 34. Qe3 d4
35. cxd4 Nxd4 36. Qe4 Rab8 37. Rxd4 exd4 38. Qe6 Rc6 39. Nd6 Bg6+ 40. Ka1 Rf8
41. Nf7+ Rxf7 42. Qxc6 Nb4 43. Qc4 Nc2+ 44. Ka2 Re7 45. h7 Re8 46. Rh6 Kg7 47.
Rxg6+ 1-0

[Event "SK Rothenburg e.V. 1-SpVgg. Zabo-Eintrac"]
[Site "?"]
[Date "2012.12.16"]
[Round "5.3"]
[White "Wittmann, Paul"]
[Black "Diller, Peter"]
[Result "1-0"]
[WhiteElo "2129"]
[BlackElo "2021"]
[Annotator "Zeltner,Ottmar"]
[PlyCount "82"]
[EventDate "2012.??.??"]
[WhiteTeam "SpVgg. Zabo-Eintracht N e.V. 1"]
[BlackTeam "SK Rothenburg e.V. 1"]

1. d4 f5 2. Nf3 Nf6 3. Bf4 e6 4. e3 Be7 5. h3 d5 6. Bd3 c5 7. c4 Nc6 8. Nc3 O-O
9. O-O a6 10. Ne5 cxd4 11. Nxc6 bxc6 12. exd4 Qb6 13. Be5 Qxb2 14. Na4 Qb4 15.
Re1 Qa5 16. c5 Nd7 17. Bf4 Bf6 18. Bc2 Qb4 19. Bd6 Qxd4 20. Qe2 Re8 21. Rad1
Qh4 22. Bxf5 e5 23. Bxd7 Bxd7 24. Nb6 Ra7 25. Nxd7 Rxd7 26. Qxa6 d4 27. Qxc6
Rdd8 28. Qd5+ Kh8 29. Qf7 e4 30. c6 e3 31. Bg3 Qg5 32. c7 Rc8 33. Kh1 Re7 34.
Qc4 exf2 35. Rxe7 Bxe7 36. Bxf2 Qe5 37. Bxd4 {[%emt 0:11:40]} Qxc7 38. Qxc7
Rxc7 39. a4 Rd7 40. Bxg7+ Kxg7 41. Rxd7 Kf6 1-0

[Event "SK Rothenburg e.V. 1-SpVgg. Zabo-Eintrac"]
[Site "?"]
[Date "2012.12.16"]
[Round "5.4"]
[White "Diller, Marianne"]
[Black "Gebhard, Thomas"]
[Result "0-1"]
[WhiteElo "1792"]
[BlackElo "2086"]
[PlyCount "123"]
[EventDate "2012.??.??"]
[WhiteTeam "SK Rothenburg e.V. 1"]
[BlackTeam "SpVgg. Zabo-Eintracht N e.V. 1"]

1. d4 e6 2. c4 f5 3. Nf3 Nf6 4. Nc3 d5 5. Bf4 c6 6. e3 Be7 7. Bd3 O-O 8. h3 Ne4
9. O-O Nd7 10. Rc1 Kh8 11. Ne5 Bf6 12. b4 Nxe5 13. Bxe5 Bxe5 14. dxe5 Nxc3 15.
Rxc3 Qc7 16. cxd5 Qxe5 17. Rc4 exd5 18. Rf4 Be6 19. Qh5 g6 20. Qg5 Qf6 21.
Qxf6+ Rxf6 22. Rc1 a6 23. h4 Kg7 24. Rd4 h6 25. g3 g5 26. hxg5 hxg5 27. Kf1 Rh8
28. Ke2 Rh2 29. Rg1 Rfh6 30. Bb1 Rh1 31. Rdd1 Rxg1 32. Rxg1 Kf6 33. a3 Rh2 34.
Rf1 Ke5 35. Kd3 g4 36. Bc2 b6 37. Ba4 c5 38. Bc6 Bc8 39. Kc3 Kd6 40. Ba4 Bd7
41. bxc5+ bxc5 42. Bxd7 Kxd7 43. f3 gxf3 44. Rxf3 Ke6 45. Rf4 Rg2 46. Ra4 Rxg3
47. Rxa6+ Ke5 48. Kd3 f4 49. Ra8 Rxe3+ 50. Kd2 Kd4 51. a4 f3 52. a5 c4 53. Rf8
Ra3 54. a6 Ra2+ 55. Kc1 Rxa6 56. Rxf3 Ra2 57. Rh3 c3 58. Rh7 Kd3 59. Rh3+ Kc4
60. Rh8 d4 61. Rh7 Re2 62. Rh8 0-1

[Event "SK Rothenburg e.V. 1-SpVgg. Zabo-Eintrac"]
[Site "?"]
[Date "2012.12.16"]
[Round "5.5"]
[White "Ahlich, Thomas"]
[Black "Faust, Bernhard"]
[Result "1/2-1/2"]
[WhiteElo "1957"]
[BlackElo "1682"]
[PlyCount "38"]
[EventDate "2012.??.??"]
[WhiteTeam "SpVgg. Zabo-Eintracht N e.V. 1"]
[BlackTeam "SK Rothenburg e.V. 1"]

1. f4 f5 2. b3 Nf6 3. Bb2 e6 4. c4 b6 5. Nf3 Bb7 6. e3 Be7 7. Be2 O-O 8. O-O c5
9. d4 d5 10. Ne5 Nbd7 11. Nd2 Nxe5 12. dxe5 Ne4 13. Nf3 h6 14. Qc2 g5 15. Rad1
g4 16. Nd2 Qc7 17. cxd5 Bxd5 18. Bc4 Nxd2 19. Rxd2 Bxc4 1/2-1/2

[Event "SK Rothenburg e.V. 1-SpVgg. Zabo-Eintrac"]
[Site "?"]
[Date "2012.12.16"]
[Round "5.6"]
[White "Schön, Michael"]
[Black "Schlötterer, Hermann"]
[Result "0-1"]
[WhiteElo "1652"]
[BlackElo "1933"]
[PlyCount "152"]
[EventDate "2012.??.??"]
[WhiteTeam "SK Rothenburg e.V. 1"]
[BlackTeam "SpVgg. Zabo-Eintracht N e.V. 1"]

1. c4 Nf6 2. Nc3 g6 3. d4 Bg7 4. Nf3 d6 5. Bg5 h6 6. Bd2 c5 7. e3 Nbd7 8. d5
O-O 9. Be2 Ng4 10. Nh4 e5 11. g3 Ngf6 12. e4 Nh7 13. O-O Ng5 14. Rc1 Nf6 15.
Bxg5 hxg5 16. Ng2 Bh3 17. Re1 Bh6 18. g4 Qd7 19. Ne3 Nh7 20. Qd3 f5 21. Nxf5
gxf5 22. Qxh3 Bg7 23. gxf5 Rf6 24. Bg4 Raf8 25. Qg3 Qf7 26. Re3 Rh6 27. h3 Kh8
28. Kg2 a6 29. Rh1 Bf6 30. Na4 Bd8 31. Rb3 Nf6 32. f3 Ba5 33. Nxc5 dxc5 34.
Qxe5 Re8 35. Qd6 b6 36. Qg3 Rh4 37. e5 Nxd5 38. cxd5 Qxd5 39. e6 c4 40. Re3
Qd2+ 41. Qf2 Qd4 42. Re4 Qxf2+ 43. Kxf2 Rh6 44. Rxc4 b5 45. Rc6 Bd2 46. Rd1 Bf4
47. Rd7 Be5 48. Ke2 Bxb2 49. Rcc7 Be5 50. Rb7 Kg8 51. Kd3 Bf6 52. Ke4 Rd8 53.
Rbc7 Rb8 54. f4 gxf4 55. Kxf4 Rh4 56. Kg3 Rh6 57. Kf3 Be5 58. Rc1 Rf8 59. e7
Re8 60. Rd8 Kf7 61. Re1 Rxe7 62. Rd5 Kf6 63. Rc1 Kg5 64. Re1 Kf6 65. Rc1 Kf7
66. Rcd1 Rc6 67. Bh5+ Kf6 68. Bg4 Rc3+ 69. R1d3 Rec7 70. Ke2 Rc2+ 71. Rd2 R2c4
72. Kf3 Rf4+ 73. Ke3 Rc1 74. Re2 Ra4 75. Kf3 Rf1+ 76. Rf2 Rf4+ 0-1

[Event "SK Rothenburg e.V. 1-SpVgg. Zabo-Eintrac"]
[Site "?"]
[Date "2012.12.16"]
[Round "5.8"]
[White "Shen, Julian"]
[Black "Keller, Gerhard"]
[Result "1-0"]
[WhiteElo "1365"]
[BlackElo "1967"]
[PlyCount "51"]
[EventDate "2012.??.??"]
[WhiteTeam "SK Rothenburg e.V. 1"]
[BlackTeam "SpVgg. Zabo-Eintracht N e.V. 1"]

1. e4 e5 2. Nf3 Nf6 3. Nc3 Bb4 4. Bc4 Nc6 5. d3 d6 6. h3 h6 7. Bd2 a6 8. a3 Bc5
9. Be3 Ba7 10. Bxa7 Nxa7 11. O-O O-O 12. Re1 Bd7 13. d4 Nc6 14. dxe5 dxe5 15.
Qd2 Rc8 16. Rad1 Re8 17. Qe3 Nh5 18. Nd5 Be6 19. Nb6 Qf6 20. Nxc8 Bxc4 21. Na7
Nxa7 22. Qxa7 Be6 23. Qe3 Nf4 24. Nh2 h5 25. Qf3 Nxh3+ 26. gxh3 1-0

[Event "TSV Cadolzburg e.V. 1-SC Bad Windsheim 1"]
[Site "?"]
[Date "2012.12.16"]
[Round "5.1"]
[White "Pfitzinger, Leonhard"]
[Black "Hörmann, Gunther"]
[Result "1/2-1/2"]
[WhiteElo "1954"]
[BlackElo "2080"]
[PlyCount "91"]
[EventDate "2012.??.??"]
[WhiteTeam "SC Bad Windsheim 1920 e.V. 1"]
[BlackTeam "TSV Cadolzburg e.V. 1"]

1. d4 Nf6 2. Nf3 b6 3. e3 Bb7 4. Bd3 e6 5. O-O c5 6. c4 Be7 7. Nc3 O-O 8. b3
cxd4 9. exd4 d5 10. Bb2 Nc6 11. cxd5 Nxd5 12. Nxd5 Qxd5 13. Qe2 Nb4 14. Bc4 Qh5
15. Ne5 Qxe2 16. Bxe2 Rac8 17. Bc4 Rfd8 18. a4 Nc6 19. Nxc6 Bxc6 20. Ba6 Ra8
21. Rac1 Bd5 22. Bc4 Bf6 23. Rfd1 g6 24. f4 a6 25. Rd2 h5 26. g3 Kg7 27. h4 Rd7
28. Kf2 Bb7 29. Ke3 Rad8 30. Rcd1 Bd5 31. Rc1 Ra8 32. Ba3 Bd8 33. Bxd5 Rxd5 34.
Rc6 Rb8 35. Rdc2 Bf6 36. Bb2 b5 37. a5 Rbd8 38. Rd2 e5 39. Rxa6 exd4+ 40. Kf2
b4 41. Rb6 Rxa5 42. Rxb4 d3 43. Bxf6+ Kxf6 44. Rb6+ Kf5 45. Kf3 Rad5 46. Rc6
1/2-1/2

[Event "TSV Cadolzburg e.V. 1-SC Bad Windsheim 1"]
[Site "?"]
[Date "2012.12.16"]
[Round "5.2"]
[White "Veh-Hölzlein, Michael"]
[Black "Auth, Bernhard"]
[Result "1-0"]
[WhiteElo "2211"]
[BlackElo "1830"]
[PlyCount "55"]
[EventDate "2012.??.??"]
[WhiteTeam "TSV Cadolzburg e.V. 1"]
[BlackTeam "SC Bad Windsheim 1920 e.V. 1"]

1. e4 e5 2. Nf3 Nf6 3. Bc4 Nxe4 4. Nc3 Nxc3 5. dxc3 Be7 6. Nxe5 O-O 7. Qf3 Bf6
8. Ng4 Qe7+ 9. Be3 Bg5 10. O-O-O Bxe3+ 11. Nxe3 c6 12. Rhe1 Qg5 13. h4 Qh6 14.
g4 d5 15. Bd3 g6 16. Qg3 Nd7 17. g5 Qg7 18. Ng4 Nc5 19. Nf6+ Kh8 20. Re7 h5 21.
Rde1 Ne6 22. Qd6 a6 23. f4 a5 24. Kb1 b5 25. f5 gxf5 26. Bxf5 Nxg5 27. Nxh5 Qg8
28. Qf6+ 1-0

[Event "TSV Cadolzburg e.V. 1-SC Bad Windsheim 1"]
[Site "?"]
[Date "2012.12.16"]
[Round "5.5"]
[White "Böllmann, Dierk"]
[Black "Trümpelmann, Jochen"]
[Result "1/2-1/2"]
[WhiteElo "1566"]
[BlackElo "1911"]
[PlyCount "97"]
[EventDate "2012.??.??"]
[WhiteTeam "SC Bad Windsheim 1920 e.V. 1"]
[BlackTeam "TSV Cadolzburg e.V. 1"]

1. c4 e6 2. Nc3 d5 3. cxd5 exd5 4. d4 c5 5. Nf3 Nc6 6. Bf4 Nf6 7. h3 Be7 8. Nb5
Qa5+ 9. Nc3 Ne4 10. Bd2 Nxd2 11. Qxd2 cxd4 12. Nxd4 Nxd4 13. Qxd4 Bf6 14. Qa4+
Qxa4 15. Nxa4 Bd7 16. Nc3 Bc6 17. e3 O-O 18. O-O-O Rfd8 19. Nb5 a6 20. Nd4 Bd7
21. Be2 Rac8+ 22. Kd2 g6 23. Rc1 Kf8 24. Bf3 Be6 25. Rxc8 Rxc8 26. Rc1 Rxc1 27.
Kxc1 Ke7 28. Kd2 Kd6 29. Kd3 Bd7 30. b3 Bh4 31. g3 Bd8 32. h4 Ba5 33. Bd1 Be1
34. Ke2 Bb4 35. Kd3 Bh3 36. Ke2 Bg4+ 37. f3 Bd7 38. Bc2 Ke5 39. Bd3 Bc3 40. Bc2
Kd6 41. g4 Kc5 42. Kd3 Be1 43. h5 Kb4 44. hxg6 hxg6 45. a4 Kc5 46. Bd1 Bf2 47.
f4 Be1 48. Nc2 Ba5 49. Bf3 1/2-1/2

[Event "TSV Cadolzburg e.V. 1-SC Bad Windsheim 1"]
[Site "?"]
[Date "2012.12.16"]
[Round "5.6"]
[White "Hofer, Stefan"]
[Black "Krenz, Marco"]
[Result "1-0"]
[WhiteElo "1810"]
[BlackElo "1260"]
[PlyCount "89"]
[EventDate "2012.??.??"]
[WhiteTeam "TSV Cadolzburg e.V. 1"]
[BlackTeam "SC Bad Windsheim 1920 e.V. 1"]

1. d4 d5 2. Nf3 Nf6 3. Bf4 Bf5 4. e3 e6 5. Be2 Bd6 6. Bxd6 Qxd6 7. a3 Nbd7 8.
c4 c6 9. Nc3 b6 10. Rc1 O-O 11. O-O Rac8 12. cxd5 cxd5 13. Qa4 a5 14. Ba6 Rcd8
15. Nb5 Qe7 16. Na7 Ra8 17. Nc6 Qd6 18. Bb7 Rae8 19. Nfe5 Ng4 20. Rc3 Ndxe5 21.
Nxe5 Nxe5 22. dxe5 Qxe5 23. Qb5 Rd8 24. Rc6 Rd6 25. Rfc1 Rxc6 26. Rxc6 a4 27.
Qxb6 Qe4 28. Rc1 h6 29. Qd4 Qxd4 30. exd4 Rb8 31. Rc8+ Rxc8 32. Bxc8 Bc2 33.
Kf1 Kf8 34. Ke2 Ke7 35. Kd2 Bb3 36. Kc3 Kd6 37. Ba6 e5 38. Kb4 exd4 39. Bb5 f6
40. Bxa4 Bxa4 41. Kxa4 Kc5 42. Kb3 g5 43. g4 Kb5 44. Kc2 Kc4 45. b3+ 1-0

[Event "TSV Cadolzburg e.V. 1-SC Bad Windsheim 1"]
[Site "?"]
[Date "2012.12.16"]
[Round "5.8"]
[White "Kollitz, Alexander"]
[Black "Freiherr v. Seckendorff, Meinhard"]
[Result "1-0"]
[WhiteElo "1668"]
[BlackElo "1139"]
[PlyCount "27"]
[EventDate "2012.??.??"]
[WhiteTeam "TSV Cadolzburg e.V. 1"]
[BlackTeam "SC Bad Windsheim 1920 e.V. 1"]

1. e4 e5 2. Nf3 Nc6 3. Bb5 Bb4 4. c3 Bd6 5. O-O Nf6 6. d4 Nxe4 7. Re1 f5 8. Bc4
exd4 9. cxd4 Ne7 10. Ng5 Nxg5 11. Bxg5 h6 12. Qh5+ g6 13. Qxg6+ Kf8 14. Qf7#
1-0

[Event "SK Nürnberg 1911 e.V. 2-SC Noris-Tarrasc"]
[Site "?"]
[Date "2012.12.16"]
[Round "5.1"]
[White "Vogiatzis, Dimitrios"]
[Black "Herbst, Thomas"]
[Result "1/2-1/2"]
[WhiteElo "2107"]
[BlackElo "1874"]
[PlyCount "59"]
[EventDate "2012.??.??"]
[WhiteTeam "SC Noris-Tarrasch N 1873 e.V. 5"]
[BlackTeam "SK Nürnberg 1911 e.V. 2"]

1. d4 d5 2. e3 Nf6 3. f4 Bf5 4. Nf3 e6 5. Be2 Be7 6. O-O Nbd7 7. Ne5 h6 8. c3
O-O 9. a4 Ne4 10. Nd2 Nxd2 11. Bxd2 c5 12. Be1 Rc8 13. a5 Be4 14. Bd3 Bxd3 15.
Qxd3 Nf6 16. Bh4 Ne4 17. Bxe7 Qxe7 18. f5 Nd6 19. fxe6 Qxe6 20. Rf4 c4 21. Qe2
f6 22. Ng6 Rfe8 23. Rf3 Ne4 24. Nf4 Qf7 25. g4 Rc7 26. Re1 Rce7 27. Qg2 Ng5 28.
Rg3 Ne4 29. Rf3 Ng5 30. Rg3 1/2-1/2

[Event "SK Nürnberg 1911 e.V. 2-SC Noris-Tarrasc"]
[Site "?"]
[Date "2012.12.16"]
[Round "5.2"]
[White "Götz, Dieter"]
[Black "Herlan, Klaus-Jürgen"]
[Result "1/2-1/2"]
[WhiteElo "1931"]
[BlackElo "1971"]
[PlyCount "30"]
[EventDate "2012.??.??"]
[WhiteTeam "SK Nürnberg 1911 e.V. 2"]
[BlackTeam "SC Noris-Tarrasch N 1873 e.V. 5"]

1. c4 e5 2. Nc3 Bb4 3. g3 Nf6 4. Bg2 O-O 5. e3 c6 6. Nge2 Re8 7. O-O Na6 8. d3
d6 9. a3 Bxc3 10. Nxc3 Bf5 11. h3 Qd7 12. Kh2 d5 13. cxd5 cxd5 14. d4 e4 15.
Bd2 Rac8 1/2-1/2

[Event "SK Nürnberg 1911 e.V. 2-SC Noris-Tarrasc"]
[Site "?"]
[Date "2012.12.16"]
[Round "5.3"]
[White "Kozik, Andreas"]
[Black "Dereser, Marc"]
[Result "1/2-1/2"]
[WhiteElo "1975"]
[BlackElo "1835"]
[PlyCount "40"]
[EventDate "2012.??.??"]
[WhiteTeam "SC Noris-Tarrasch N 1873 e.V. 5"]
[BlackTeam "SK Nürnberg 1911 e.V. 2"]

1. e4 c5 2. Nf3 d6 3. d4 cxd4 4. Nxd4 Nf6 5. Nc3 g6 6. Be3 Bg7 7. f3 a6 8. Qd2
O-O 9. Bh6 b5 10. Bxg7 Kxg7 11. O-O-O Qb6 12. g4 Be6 13. Kb1 Nc6 14. Nxc6 Qxc6
15. h4 Rh8 16. h5 Rac8 17. h6+ Kf8 18. Qd4 Qc5 19. Qd2 Nd7 20. Ne2 Ne5 1/2-1/2

[Event "SK Nürnberg 1911 e.V. 2-SC Noris-Tarrasc"]
[Site "?"]
[Date "2012.12.16"]
[Round "5.4"]
[White "Hannweber, Markus"]
[Black "Corral, Carlos"]
[Result "1/2-1/2"]
[WhiteElo "2029"]
[BlackElo "1989"]
[PlyCount "34"]
[EventDate "2012.??.??"]
[WhiteTeam "SK Nürnberg 1911 e.V. 2"]
[BlackTeam "SC Noris-Tarrasch N 1873 e.V. 5"]

1. e4 c5 2. Nf3 Nc6 3. d4 cxd4 4. Nxd4 g6 5. c4 Bg7 6. Be3 Nf6 7. Nc3 Ng4 8.
Qxg4 Nxd4 9. Qd1 Ne6 10. Rc1 Qa5 11. Bd2 Qe5 12. Bd3 b6 13. O-O Bb7 14. Qf3 h5
15. b3 h4 16. h3 Nd4 17. Qe3 Ne6 1/2-1/2

[Event "SK Nürnberg 1911 e.V. 2-SC Noris-Tarrasc"]
[Site "?"]
[Date "2012.12.16"]
[Round "5.5"]
[White "Pühn, Georg"]
[Black "Huger, Horst"]
[Result "1-0"]
[WhiteElo "1989"]
[BlackElo "1812"]
[PlyCount "59"]
[EventDate "2012.??.??"]
[WhiteTeam "SC Noris-Tarrasch N 1873 e.V. 5"]
[BlackTeam "SK Nürnberg 1911 e.V. 2"]

1. e4 c6 2. d4 d5 3. e5 Bf5 4. Nf3 e6 5. Be2 c5 6. O-O Nc6 7. Be3 cxd4 8. Nxd4
Nge7 9. g4 Bg6 10. f4 Qc7 11. Nb5 Qd7 12. Nd6+ Kd8 13. c4 Nc8 14. cxd5 exd5 15.
f5 Nxd6 16. exd6 Bxd6 17. Bf4 d4 18. Bxd6 Qxd6 19. Na3 f6 20. fxg6 hxg6 21. Rf2
Ke7 22. Nc4 Qc7 23. Rc1 Rh4 24. Bf3 Rah8 25. Qe2+ Kf7 26. Bd5+ Kf8 27. Re1 Ne7
28. Qe6 Rxg4+ 29. Kf1 Ke8 30. Nd6+ 1-0

[Event "SK Nürnberg 1911 e.V. 2-SC Noris-Tarrasc"]
[Site "?"]
[Date "2012.12.16"]
[Round "5.6"]
[White "Hennig, Andreas"]
[Black "Rabenstein, Christian"]
[Result "1-0"]
[WhiteElo "1755"]
[BlackElo "1876"]
[PlyCount "81"]
[EventDate "2012.??.??"]
[WhiteTeam "SK Nürnberg 1911 e.V. 2"]
[BlackTeam "SC Noris-Tarrasch N 1873 e.V. 5"]

1. d4 Nf6 2. c4 e6 3. Nc3 Bb4 4. Bg5 h6 5. Bh4 c5 6. Nf3 g5 7. Bg3 Ne4 8. Qd3
f5 9. Be5 O-O 10. Bxb8 Rxb8 11. Nd2 Qa5 12. Nb3 Bxc3+ 13. bxc3 Qxc3+ 14. Qxc3
Nxc3 15. Nxc5 b6 16. Nb3 Ba6 17. e3 Rbc8 18. c5 Bxf1 19. Rxf1 b5 20. a3 f4 21.
Kd2 Na4 22. e4 e5 23. Rab1 exd4 24. Rfc1 Nc3 25. Rb2 Nxe4+ 26. Kd3 Rfe8 27.
Kxd4 a6 28. Re1 d5 29. f3 Nf6 30. Rbe2 Rxe2 31. Rxe2 Kf7 32. Na5 g4 33. c6 gxf3
34. gxf3 h5 35. Kc5 Ne8 36. Nb7 Kf6 37. Nd6 Nxd6 38. Kxd6 d4 39. Kd7 Rg8 40.
Re6+ Kf5 41. c7 1-0

[Event "SK Nürnberg 1911 e.V. 2-SC Noris-Tarrasc"]
[Site "?"]
[Date "2012.12.16"]
[Round "5.7"]
[White "Zippel, Harald"]
[Black "Ammon, Ronald"]
[Result "1/2-1/2"]
[WhiteElo "1856"]
[BlackElo "1747"]
[PlyCount "134"]
[EventDate "2012.??.??"]
[WhiteTeam "SC Noris-Tarrasch N 1873 e.V. 5"]
[BlackTeam "SK Nürnberg 1911 e.V. 2"]

1. e4 Nc6 2. d4 d5 3. exd5 Qxd5 4. Be3 Bf5 5. Nc3 Qa5 6. Bb5 e6 7. Nf3 Bb4 8.
Bd2 Nge7 9. O-O O-O 10. Bxc6 Nxc6 11. a3 Bxc3 12. Bxc3 Qd5 13. Nh4 Qe4 14. Nxf5
Qxf5 15. Qe2 Rad8 16. Rad1 Rd5 17. Rd2 Rfd8 18. Rfd1 Qf4 19. Qe3 Qh4 20. Qg3
Qxg3 21. hxg3 f6 22. b3 b5 23. Bb2 Na5 24. Bc3 Nb7 25. Bb4 a5 26. c4 bxc4 27.
bxc4 R5d7 28. Bc3 Nd6 29. c5 Ne4 30. Rc2 Nxc3 31. Rxc3 Rxd4 32. Rxd4 Rxd4 33.
Rb3 Rc4 34. Rb5 a4 35. Ra5 Rc1+ 36. Kh2 Rc4 37. Ra7 Rxc5 38. Rxa4 Rc1 39. Ra8+
Kf7 40. a4 Kg6 41. a5 e5 42. a6 Kg5 43. a7 Ra1 44. Rg8 Rxa7 45. Rxg7+ Kh6 46.
Re7 Kg6 47. g4 h5 48. gxh5+ Kxh5 49. f3 Kg5 50. Kg3 Kf5 51. Rd7 Ke6 52. Rg7 f5
53. Rh7 Kd6 54. Rh6+ Kd5 55. Rh7 Kc6 56. Rh6+ Kb7 57. Re6 Ra5 58. Rf6 c5 59.
Rxf5 c4 60. f4 Ra3+ 61. Kh4 e4 62. Re5 Re3 63. f5 Kc6 64. f6 Re1 65. Rf5 Rh1+
66. Kg5 Rh8 67. f7 Rf8 1/2-1/2

[Event "SK Nürnberg 1911 e.V. 2-SC Noris-Tarrasc"]
[Site "?"]
[Date "2012.12.16"]
[Round "5.8"]
[White "Zimmer, Frank"]
[Black "Kelm, Klaus"]
[Result "0-1"]
[WhiteElo "1848"]
[BlackElo "1848"]
[PlyCount "90"]
[EventDate "2012.??.??"]
[WhiteTeam "SK Nürnberg 1911 e.V. 2"]
[BlackTeam "SC Noris-Tarrasch N 1873 e.V. 5"]

1. e4 c5 2. c3 Nf6 3. e5 Nd5 4. d4 cxd4 5. Nf3 d6 6. cxd4 Nc6 7. Bc4 e6 8. O-O
Be7 9. Nc3 Nxc3 10. bxc3 dxe5 11. dxe5 Qa5 12. Qb3 O-O 13. Bf4 Qc7 14. Bd3 b6
15. Rfe1 Bb7 16. Nd4 Nxd4 17. cxd4 Qc6 18. Be4 Qd7 19. Qf3 Bxe4 20. Qxe4 Rfd8
21. Be3 Qd5 22. Qxd5 Rxd5 23. Rac1 Kf8 24. Rc7 Bd8 25. Rc6 b5 26. Rec1 Bb6 27.
Rc8+ Rxc8 28. Rxc8+ Rd8 29. Rxd8+ Bxd8 30. Kf1 Ke8 31. Ke2 a5 32. Kd3 Kd7 33.
Bd2 Kc6 34. Be1 Kd5 35. Bc3 b4 36. Bb2 Bb6 37. Ba1 a4 38. a3 bxa3 39. Bc3 a2
40. f3 Ba5 41. Ba1 Bb4 42. h4 h5 43. g4 g6 44. gxh5 gxh5 45. Bb2 Be1 0-1

[Event "SC Ansbach 1855 e.V. 1-SC Heilsbronn 1"]
[Site "?"]
[Date "2012.12.16"]
[Round "5.1"]
[White "Münster, Manfred"]
[Black "Pikal, Alexander"]
[Result "0-1"]
[WhiteElo "1916"]
[BlackElo "1904"]
[PlyCount "68"]
[EventDate "2012.??.??"]
[WhiteTeam "SC Heilsbronn 1"]
[BlackTeam "SC Ansbach 1855 e.V. 1"]

1. Nc3 {[%emt 0:00:00]} d5 2. e4 d4 3. Nce2 e5 4. Ng3 Be6 5. a3 c5 6. Bb5+ Nd7
7. Nf3 Bd6 8. Nh5 Kf8 9. O-O a6 10. Bxd7 Bxd7 11. d3 Bg4 12. Ng3 Qf6 13. h3
Bxf3 14. Qxf3 Qxf3 15. gxf3 Ne7 16. Nh5 Ng6 17. Kh2 f6 18. Rg1 Rc8 19. Bd2 c4
20. Rgc1 Kf7 21. Kg3 Ne7 22. Kg2 g6 23. Ng3 Rc6 24. Ne2 g5 25. dxc4 Rxc4 26. b3
Rc6 27. c4 dxc3 28. Bxc3 Rd8 29. Rd1 Rdc8 30. Rdc1 Ke6 31. b4 Ng6 32. Bb2 Rc2
33. Ng1 Nf4+ 34. Kg3 Nd3 0-1

[Event "SC Ansbach 1855 e.V. 1-SC Heilsbronn 1"]
[Site "?"]
[Date "2012.12.16"]
[Round "5.2"]
[White "Witt, Alfred"]
[Black "Planner, Jörg"]
[Result "1/2-1/2"]
[WhiteElo "1865"]
[BlackElo "1847"]
[PlyCount "165"]
[EventDate "2012.??.??"]
[WhiteTeam "SC Ansbach 1855 e.V. 1"]
[BlackTeam "SC Heilsbronn 1"]

1. e4 c5 2. Ne2 Nc6 3. d4 cxd4 4. Nxd4 Nf6 5. Nc3 e5 6. Nf3 Bb4 7. Bd3 d5 8.
exd5 Nxd5 9. Bd2 Bxc3 10. bxc3 Be6 11. Ng5 Qe7 12. O-O h6 13. Nxe6 Qxe6 14. Rb1
Qd7 15. Qf3 Nde7 16. Rfd1 Qc7 17. Qg3 g6 18. f4 O-O-O 19. a4 Nd5 20. f5 Nce7
21. c4 Nf4 22. f6 Rxd3 23. Qg4+ Qd7 24. Qxd7+ Rxd7 25. fxe7 Rxe7 26. Re1 Rd7
27. Be3 a6 28. Rb6 Rc7 29. Reb1 h5 30. g3 Ne6 31. c3 Re8 32. a5 Nd8 33. c5 Re6
34. R6b2 Rec6 35. Rd2 Rd7 36. Rxd7 Kxd7 37. Rd1+ Kc8 38. Kg2 Ne6 39. Rd5 f6 40.
h4 Nc7 41. Rd1 Ne8 42. Kf3 Rc7 43. Ke4 Rd7 44. Rb1 Re7 45. Rb6 Rc7 46. Kd5 Kd7
47. Bh6 Ke7 48. c6 bxc6+ 49. Rxc6 Rb7 50. Rb6 Rd7+ 51. Kc6 Rc7+ 52. Kd5 Rxc3
53. Rb7+ Nc7+ 54. Ke4 Rc4+ 55. Kf3 Rc6 56. Be3 Kd7 57. Rb8 Nd5 58. Bb6 Nxb6 59.
axb6 Rc8 60. Rb7+ Kc6 61. Rg7 Kxb6 62. Rxg6 Rc6 63. g4 hxg4+ 64. Rxg4 Kc5 65.
h5 Kd5 66. h6 f5 67. Rh4 Rc8 68. Ra4 Ra8 69. Ra5+ Ke6 70. h7 Kf7 71. Rxe5 Kg6
72. Kf4 Kxh7 73. Kxf5 a5 74. Re7+ Kh6 75. Re3 Kg7 76. Ke4 Kf6 77. Kd5 Kf5 78.
Rf3+ Kg4 79. Ra3 Rf8 80. Kc4 Rf5 81. Kb3 Kf4 82. Ka4 Ke4 83. Rb3 1/2-1/2

[Event "SC Ansbach 1855 e.V. 1-SC Heilsbronn 1"]
[Site "?"]
[Date "2012.12.16"]
[Round "5.3"]
[White "Horneber, Thomas"]
[Black "Margraf, Christoph"]
[Result "0-1"]
[WhiteElo "1948"]
[BlackElo "1931"]
[PlyCount "86"]
[EventDate "2012.??.??"]
[WhiteTeam "SC Heilsbronn 1"]
[BlackTeam "SC Ansbach 1855 e.V. 1"]

1. d4 {[%emt 0:00:00]} Nf6 {[%emt 0:00:00]} 2. Nf3 e6 3. e3 b6 4. Bd3 Bb7 5.
Nbd2 Be7 6. O-O O-O 7. Re1 c5 8. c3 d6 9. e4 Nbd7 10. Qe2 e5 11. d5 a6 12. a4
Nh5 13. g3 g6 14. Nf1 f5 15. c4 f4 16. Bd2 a5 17. Qd1 Bc8 18. Be2 Ndf6 19. Qc2
Nxe4 20. Nxe5 Nxf2 21. Nc6 Qd7 22. Bxh5 Bf6 23. Bc3 fxg3 24. hxg3 gxh5 25. Bxf6
Rxf6 26. Re7 Qf5 27. Re8+ Kf7 28. Qxf5 Rxf5 29. Rae1 $4 Nh3+ 30. Kh1 Rxf1+ 31.
Rxf1+ Kxe8 32. Re1+ Kf7 33. Re7+ Kg6 34. Re8 Bb7 35. Re6+ Kg5 36. Kg2 Rf8 37.
Kxh3 Bc8 38. Kg2 Bxe6 39. dxe6 Kf6 40. e7 Rc8 41. Kf3 Kf7 42. Na7 Rc7 43. Nb5
Rxe7 0-1

[Event "SC Ansbach 1855 e.V. 1-SC Heilsbronn 1"]
[Site "?"]
[Date "2012.12.16"]
[Round "5.4"]
[White "Nahlik, Bernhard"]
[Black "Lunz, Dieter"]
[Result "1/2-1/2"]
[WhiteElo "1699"]
[BlackElo "1969"]
[PlyCount "45"]
[EventDate "2012.??.??"]
[WhiteTeam "SC Ansbach 1855 e.V. 1"]
[BlackTeam "SC Heilsbronn 1"]

1. d4 {[%emt 0:00:00]} Nf6 {[%emt 0:00:00]} 2. Nf3 e6 3. e3 Be7 4. Bd3 d5 5.
Ne5 c5 6. c3 O-O 7. Nd2 Nbd7 8. f4 c4 9. Bc2 Nxe5 10. fxe5 Ne8 11. O-O f6 12.
exf6 Bxf6 13. e4 g6 14. e5 Be7 15. Nf3 Ng7 16. Bh6 Bd7 17. Qd2 Qb6 18. Rab1 Rf7
19. Bg5 Qd8 20. Bxe7 Qxe7 21. Ng5 Rxf1+ 22. Rxf1 Rf8 23. Rxf8+ 1/2-1/2

[Event "SC Ansbach 1855 e.V. 1-SC Heilsbronn 1"]
[Site "?"]
[Date "2012.12.16"]
[Round "5.5"]
[White "Röschinger, Udo"]
[Black "Sommer, Dieter"]
[Result "1/2-1/2"]
[WhiteElo "2015"]
[BlackElo "1690"]
[PlyCount "86"]
[EventDate "2012.??.??"]
[WhiteTeam "SC Heilsbronn 1"]
[BlackTeam "SC Ansbach 1855 e.V. 1"]

1. e4 {[%emt 0:00:00]} e5 {[%emt 0:00:00]} 2. Nf3 d6 3. Bc4 Be7 4. c3 Nf6 5.
Qe2 O-O 6. d4 exd4 7. Nxd4 Bg4 8. f3 Bd7 9. Be3 Nc6 10. Nxc6 Bxc6 11. O-O Nd7
12. Na3 a6 13. Nc2 Bf6 14. Rad1 Qe7 15. Bd5 Bxd5 16. Rxd5 Rfe8 17. Rd2 Qe6 18.
a3 a5 19. Qb5 b6 20. Rfd1 Nc5 21. Rd5 Qc8 22. Qc6 Nd7 23. Bd4 Ne5 24. Bxe5 Bxe5
25. a4 Rb8 26. Ne3 g6 27. b4 axb4 28. cxb4 Qb7 29. Qxb7 Rxb7 30. Nc4 Bc3 31.
Rb1 Ra7 32. Rb3 Be5 33. Ra3 Bf4 34. Kf2 Rb8 35. g3 Bc1 36. Ra1 Bh6 37. Ra2 b5
38. Na5 Ra6 39. Rxb5 Rxb5 40. axb5 Rb6 41. Rc2 Rxb5 42. Rxc7 Rxb4 43. Nc4 Bf8
1/2-1/2